000 00409nam a2200169Ia 4500
001 37803
005 20240114001945.0
007 ta
008 070619s a g b000 u u
082 _a820
_bH 11 th
100 _aHellen, E .
245 0 _aThe Disn----------ed Mind /
_cE Hellen.
_hTextual Documents
300 _bill ;
653 _aEnglish Literature
942 _2ddc
_cBK
999 _c37779
_d37779